[Event "45th Olympiad 2024"]
[Site "Budapest HUN"]
[Date "2024.09.21"]
[Round "10.61"]
[Board "1"]
[White "Njoroge, Martin"]
[Black "Espinoza Solano, Jose Nahum"]
[Result "1/2-1/2"]
[WhiteElo "1972"]
[BlackElo "2156"]
[PlyCount "60"]
[EventDate "2024.09.11"]
[WhiteTeam "Kenya"]
[BlackTeam "Nicaragua"]
[WhiteTeamCountry "KEN"]
[BlackTeamCountry "NCA"]

1. c4 Nf6 2. Nf3 d6 3. b4 ({RR} 3. b3 Nbd7 4. Bb2 c6 5. g3 e5 6. Bg2 Be7 7. O-O O-O 8. Nc3 a6 9. d4 Re8 10. Nh4 Bf8 11. Nf5 Qc7 12. Qd2 exd4 13. Nxd4 Nc5 14. b4 Nce4 15. Nxe4 Nxe4 16. Qf4 Qe7 17. Rfd1 Qg5 {½-½ Stefansson,H (2470)-Djurhuus,R (2415) Nordic-tt Aabybro 1989}) ({RR} 3. b3 Nbd7 4. d4 e5 5. dxe5 dxe5 6. Bb2 e4 7. Nd4 Bb4+ 8. Nc3 e3 9. f3 O-O 10. g3 c5 11. Nc2 Ne4 12. fxe4 Qf6 13. Nxe3 Bxc3+ 14. Bxc3 Qxc3+ 15. Kf2 Nf6 16. Bg2 Be6 17. Qc1 Qd4 {0-1 Bogumil,T (2090)-Gutierrez Olivares,D (2354) Titled Tue 30th Jan Early 2024 (2)}) 3... c5 $146 ({RR} 3... e5 4. Nc3 g6 5. d3 Bg7 6. Bb2 O-O 7. e3 Re8 8. Be2 c6 9. O-O d5 10. cxd5 cxd5 11. Rc1 a6 12. a4 Nc6 13. b5 Nb4 14. Qb3 a5 15. Na2 e4 16. dxe4 dxe4 17. Nd4 Nxa2 18. Qxa2 {1-0 Benko,P-Kavalek,L US Open-71 Boston 1970 (12)}) ({RR} 3... e5 4. Bb2 Be7 5. Nc3 c6 6. e3 e4 7. Nd4 d5 8. Qb3 O-O 9. Be2 Qd6 10. cxd5 cxd5 11. Ncb5 Qb6 12. Rc1 Nc6 13. Nxc6 bxc6 14. Bd4 Qb7 15. Bxf6 gxf6 16. Nd4 Bd7 17. O-O Rab8 18. d3 {1-0 Schieferstein,M (2109)-Zweschper,E (2191) Hessenliga 0607 2006 (8.5)}) ({RR} 3... e5 4. Nc3 a5 5. b5 Nbd7 6. Ba3 c5 7. bxc6 bxc6 8. Rb1 Ba6 9. Qa4 Qc7 10. d3 Be7 11. g3 O-O 12. Bg2 Rfb8 13. Rxb8+ Rxb8 14. Nd2 Bb7 15. O-O Ba8 16. Rb1 Rxb1+ 17. Ncxb1 Bb7 18. Nb3 {1-0 Hermann,M-Schmidt,W (2225) Regionalliga NordN 1989}) 4. a3 g6 5. Bb2 Bg7 6. e3 Qb6 7. Bc3 O-O 8. Be2 a6 9. O-O Nc6 10. Qc1 Ne4 11. Bxg7 Kxg7 12. Nc3 Nxc3 13. Qxc3+ Kg8 14. Rab1 Qc7 15. d4 cxd4 16. exd4 Bg4 17. b5 axb5 18. cxb5 Qa5 19. Qe3 Nd8 20. Qxe7 Qxa3 21. h3 Bf5 22. Rbc1 Bd3 23. Bxd3 Qxd3 24. Qxd6 Qxb5 25. Rc5 Qa6 26. Qg3 Ne6 27. Re5 Rfd8 28. Rfe1 b5 29. Rb1 Nxd4 30. Nxd4 Rxd4 1/2-1/2

[Event "45th Olympiad 2024"]
[Site "Budapest HUN"]
[Date "2024.09.21"]
[Round "10.61"]
[Board "2"]
[White "Alfaro, William"]
[Black "Kanegeni, Matthew Kamau"]
[Result "1-0"]
[WhiteElo "2133"]
[BlackElo "1976"]
[PlyCount "119"]
[EventDate "2024.09.11"]
[WhiteTeam "Nicaragua"]
[BlackTeam "Kenya"]
[WhiteTeamCountry "NCA"]
[BlackTeamCountry "KEN"]

1. d4 d5 2. Nf3 Nf6 3. c4 c6 4. Nc3 e6 5. Bg5 Nbd7 6. e3 Qa5 7. cxd5 Nxd5 8. Qd2 Bb4 9. Rc1 h6 10. Bh4 O-O 11. Bd3 e5 12. O-O Re8 13. Bb1 ({RR} 13. Qc2 exd4 14. Nxd5 Qxd5 15. exd4 Nb6 16. Bg3 Qxa2 17. Ne5 Be6 18. f4 Qb3 19. f5 Bd5 20. f6 Qxc2 21. Rxc2 Bd6 22. fxg7 Bxe5 23. Bxe5 Nd7 24. Bf4 Kxg7 25. Rc3 Be4 26. Bc4 Bg6 27. Rg3 Kh7 {1-0 Shirov,A (2710)-Piket,J (2670) Aruba m 1995 (6)}) ({RR} 13. dxe5 Nxe5 14. Nxe5 Rxe5 15. e4 Nxc3 16. bxc3 Bc5 17. Kh1 Bb6 18. f4 Rh5 19. Be7 Bg4 20. Be2 Rxh2+ 21. Kxh2 Qh5+ 22. Kg3 Bxe2 23. Rf3 Bxf3 24. gxf3 Qg6+ 25. Kh2 Re8 26. Bh4 Qh5 27. Kg3 Re6 {0-1 Garcia Martinez,A (2016)-Castro,C (2079) Frontera Online 3rd rapid 2020 (7)}) 13... e4 14. Ne1 $146 ({RR} 14. Qc2 Nxc3 15. bxc3 Ba3 16. Rcd1 Qh5 17. Bg3 exf3 18. Qh7+ Kf8 19. c4 Nf6 20. Qd3 Bb4 21. e4 fxg2 22. Rfe1 Bxe1 23. Rxe1 Qa5 24. Bd6+ Kg8 25. Re3 Ng4 26. e5 g6 27. Rf3 Bf5 28. Rxf5 gxf5 {0-1 Duhayon,Y (2228)-Dubois,L (2272) FRA-chT2 0405 2004 (1.4)}) 14... N7b6 15. a3 Bxc3 16. bxc3 Nc4 17. Qe2 b5 18. Nc2 Nxc3 19. Qe1 Bg4 20. f3 exf3 21. gxf3 Bh3 22. Rf2 g5 23. Bg3 Nxb1 24. Qxa5 Nxa5 25. Rxb1 Nc4 26. Re2 a5 27. d5 cxd5 28. Rxb5 Bf5 29. e4 Rad8 30. Nd4 Bg6 31. exd5 Rxe2 32. Nxe2 Bd3 33. Nd4 Rd7 34. Nc6 a4 35. d6 Nxa3 36. Rb8+ Kg7 37. Ra8 Nc4 38. Rxa4 f6 39. Nb8 Rd8 40. Ra7+ Kg6 41. d7 Bf5 42. Bc7 Rxd7 43. Nxd7 Bxd7 44. Bd8 Ne5 45. Kf2 Kf5 46. Ra6 Be6 47. Bc7 h5 48. Ra5 g4 49. fxg4+ hxg4 50. Ke3 Bc8 51. Kd4 Bb7 52. Bxe5 fxe5+ 53. Rxe5+ Kf6 54. Rb5 Bf3 55. Rb6+ Kg5 56. Ke5 Bg2 57. Rb8 Bh3 58. Rg8+ Kh5 59. Kf6 g3 60. hxg3 1-0

[Event "45th Olympiad 2024"]
[Site "Budapest HUN"]
[Date "2024.09.21"]
[Round "10.61"]
[Board "3"]
[White "Oluka Robert Mcligeyo"]
[Black "Sanchez, Steven"]
[Result "0-1"]
[WhiteElo "1990"]
[BlackElo "2072"]
[PlyCount "82"]
[EventDate "2024.09.11"]
[WhiteTeam "Kenya"]
[BlackTeam "Nicaragua"]
[WhiteTeamCountry "KEN"]
[BlackTeamCountry "NCA"]

1. e4 e6 2. d4 d5 3. e5 c5 4. c3 Nc6 5. Nf3 Bd7 6. Be2 f6 7. O-O fxe5 8. Nxe5 Nxe5 9. dxe5 Qc7 10. Re1 Ne7 ({RR} 10... O-O-O 11. c4 Qxe5 12. Bf3 Qd6 13. cxd5 exd5 14. Nc3 Nf6 15. Nxd5 Nxd5 16. Qxd5 Qxd5 17. Bxd5 Bf5 18. Bf3 Bd6 19. Be3 {½-½ Movsesian,S (2666)-Shirov,A (2746) Olympiad-34 Istanbul 2000 (14.1)}) 11. Bf1 Nc6 $146 ({RR} 11... O-O-O 12. a4 Nf5 13. Na3 c4 14. b3 cxb3 15. Nb5 Bxb5 16. axb5 Bc5 17. Qxb3 Rhf8 18. Ra2 Kb8 19. Ba3 Ne7 20. Bxc5 Qxc5 21. Qa3 Qxa3 22. Rxa3 Rc8 23. Rea1 Rf5 24. Rxa7 Kc7 25. R1a6 Rxe5 26. g3 {½-½ Schneider,J (2275)-Hasenohr,B (2339) BSB IM Norm 2024 (5.3)}) ({RR} 11... Ng6 12. Bg5 c4 13. Nd2 Bc5 14. Nf3 O-O 15. Be3 Rf5 16. Bxc5 Qxc5 17. g3 Raf8 18. Re3 Qb6 19. Bh3 R5f7 20. Qe2 d4 21. cxd4 Ne7 22. Rf1 Nd5 23. Ra3 h6 24. Bg4 Bb5 25. Rc3 Nxc3 26. bxc3 {½-½ Tabatabaei,M (2645)-Ponkratov,P (2624) Sharjah Masters 5th 2022 (8)}) ({RR} 11... O-O-O 12. a4 Nc6 13. Na3 a6 14. Nc2 Nxe5 15. b4 Ng6 16. Be3 Bd6 17. Bxc5 Bxh2+ 18. Kh1 Bd6 19. Bxd6 Qxd6 20. Qd4 Rhf8 21. Kg1 Kb8 22. c4 Rf4 23. Qxg7 Rdf8 24. c5 Qc7 25. f3 Rh4 26. Nd4 {0-1 Schlegel,I (2289)-Schneider,J (2289) 2nd Millennium Masters 2023 (2.1)}) 12. a4 Be7 13. Na3 a6 14. Be3 O-O 15. f4 Na5 16. Rc1 c4 17. Qg4 Bxa3 18. bxa3 Rae8 19. Bf2 Bxa4 20. Re3 Qf7 21. Rg3 Nb3 22. Re1 Re7 23. Be3 Rc8 24. Be2 Nc5 25. Qh4 Bc2 26. Bh5 Qf8 27. Rh3 g6 28. Bxc5 Rxc5 29. Qf2 Rg7 30. Qxc2 gxh5 31. Qf2 Rcc7 32. Rxh5 Qxa3 33. f5 Qxc3 34. Qh4 Qb4 35. Rf1 Rcf7 36. Rh6 Qb6+ 37. Kh1 c3 38. Rxe6 Qxe6 39. Qd8+ Rf8 40. Qxf8+ Kxf8 41. fxe6+ Ke7 0-1

[Event "45th Olympiad 2024"]
[Site "Budapest HUN"]
[Date "2024.09.21"]
[Round "10.61"]
[Board "4"]
[White "Ortiz, Marcos"]
[Black "Mutuge Ian"]
[Result "1-0"]
[WhiteElo "2191"]
[BlackElo "1938"]
[PlyCount "101"]
[EventDate "2024.09.11"]
[WhiteTeam "Nicaragua"]
[BlackTeam "Kenya"]
[WhiteTeamCountry "NCA"]
[BlackTeamCountry "KEN"]

1. e4 c5 2. Nf3 d6 3. d4 cxd4 4. Nxd4 Nf6 5. Nc3 a6 6. Bg5 e6 7. f4 Be7 8. Qf3 Qc7 9. O-O-O Nc6 10. Nxc6 bxc6 11. e5 Nd5 12. Bxe7 Qxe7 13. Ne4 dxe5 14. fxe5 O-O 15. c4 f5 16. Nd6 Qg5+ 17. Kb1 Ne7 18. Bd3 Rb8 $146 ({RR} 18... a5 19. h4 Qg4 20. Qxg4 fxg4 21. Be4 h5 22. Rhe1 Ba6 23. Rd2 Rab8 24. Kc2 c5 25. Re3 Rb4 26. a3 Rb6 27. Rb3 Rfb8 28. Rxb6 Rxb6 29. Kc3 g6 30. Rf2 Nf5 31. b3 Kf8 32. Bxf5 gxf5 33. Ne4 {1-0 Szpar,M (2331)-Recky,N (1788) Tatry op Tatranska Lomnica 2017 (5)}) 19. g3 Bd7 20. h4 Qh6 21. h5 Qg5 22. Qf4 h6 23. Be2 Rfd8 24. Qf2 Be8 25. Rd3 Rd7 26. Qd4 Rbd8 27. g4 c5 28. Qe3 Nc8 29. gxf5 exf5 30. Qxc5 Nxd6 31. exd6 Qf6 32. Rhd1 Bf7 33. Bf3 Kh7 34. b3 Qg5 35. Qa5 Bxh5 36. Bxh5 Qxh5 37. c5 f4 38. Rd5 Qg6+ 39. Kb2 Qf6+ 40. Ka3 Rc8 41. Qa4 Rcd8 42. Qe4+ g6 43. Re5 Rg7 44. Re6 Qc3 45. c6 f3 46. Qc4 Qa5+ 47. Kb2 f2 48. c7 Rc8 49. d7 Rxc7 50. d8=Q Qf5 51. Re8 1-0

[Event "45th Olympiad 2024"]
[Site "Budapest HUN"]
[Date "2024.09.21"]
[Round "10.62"]
[Board "1"]
[White "Juarez Flores, Carlos A."]
[Black "Giasi, Viresh"]
[Result "1-0"]
[WhiteElo "2308"]
[BlackElo "1998"]
[PlyCount "87"]
[EventDate "2024.09.11"]
[WhiteTeam "Guatemala"]
[BlackTeam "Suriname"]
[WhiteTeamCountry "GUA"]
[BlackTeamCountry "SUR"]

1. e4 {Nisipeanu,Liviu Dieter} d5 2. exd5 Qxd5 3. Nc3 Qd6 4. g3 ({RR} 4. d4 Nf6 5. Nf3 c6 6. Ne5) 4... Nf6 5. Bg2 c6 6. d4 h5 ({RR} 6... g6 7. Bf4 Qb4 ({RR} 7... Qd8 8. Qd2 Bg7 9. O-O-O O-O 10. Bh6) 8. Nge2 Bg7 9. Qc1 O-O 10. O-O Bg4 11. a3 Qa5 12. h3 Bxe2 13. Nxe2 Nbd7 14. c4 ({RR} 14. b4 Qa6 15. Re1 Qc4 ({RR} 15... Nb6 16. Bf1 Nc4 17. Nc3) 16. c3 a5 17. Rb1 axb4 18. Rxb4 Qa6 19. c4 Nh5 20. Be3 e5) 14... e5 15. b4 Qc7 16. dxe5 Nxe5 17. Qc2 a5 18. Rae1 axb4 19. axb4 Rfe8 20. c5 ({RR} 20. Nd4 Rad8 21. Rxe5 Rxe5 22. Nf3 Nh5 23. Nxe5 Bxe5 24. Bg5 Bf6) 20... Nd5 21. Bd2 {0-1 Topalov,V (2772)-Nisipeanu,L (2693) Sofia MTel Masters 3rd 2007 (1)}) ({RR} 6... Bf5 7. Nge2 e6 8. O-O Be7 9. h3 h5) ({RR} 6... Bg4 7. Nge2 e6 8. Bf4 Qd8 9. h3 Bh5 10. Qd2 Nbd7 11. O-O-O Bb4 12. Kb1 Bxc3 13. bxc3 Nd5 14. Rde1 Qa5 15. c4 Qxd2 16. Bxd2 N5b6 17. Nf4 Bg6 18. c5 Nc4 19. Bc1 O-O-O 20. h4 Bf5 21. Bf3 {1-0 Leiva Rodriguez,J (2405)-Kramer,K (2054) Gran Canaria Online Blitz 2nd 2022 (2)}) 7. Nf3 $146 ({RR} 7. Bf4 Qb4 8. Qd2 Bf5 9. a3 Qb6 10. Na4 Qd8 11. Nc5 Qc8 12. Nf3 e6 13. O-O Nbd7 14. b4 Be7 15. Ne5 Nxc5 16. dxc5 Nd5 17. c4 Nxf4 18. Qxf4 O-O 19. Be4 Bxe4 20. Qxe4 Bf6 21. Rad1 Rd8 {1-0 Caruana,F (2373)-Mukic,J (2328) Arco op 27th 2005 (6)}) 7... Bg4 8. h3 Bf5 9. Qe2 e6 10. Bf4 Qb4 11. O-O-O Bd6 12. Ne5 Bxe5 13. Bxe5 Nbd7 14. Bxf6 Nxf6 15. g4 hxg4 16. hxg4 Rxh1 17. Rxh1 Bxg4 18. f3 Bh5 19. d5 Qd6 20. dxc6 bxc6 21. Qe3 Rd8 22. Qg5 Bg6 23. Ne4 Bxe4 24. fxe4 e5 25. Rh8+ Ke7 26. Rxd8 Kxd8 27. Qxg7 Ke7 28. Qg5 Kf8 29. c3 Ng8 30. Kc2 Ne7 31. Qe3 a5 32. Bf1 Kg7 33. Bc4 a4 34. Qa7 f5 35. exf5 Kf6 36. Bd3 Nxf5 37. Qf2 Qd7 38. Be4 Kg5 39. Qg2+ Kh4 40. Qf3 Ne7 41. Qf6+ Kg3 42. Qxe5+ Kf2 43. Qf4+ Ke1 44. Qg3+ 1-0

[Event "45th Olympiad 2024"]
[Site "Budapest HUN"]
[Date "2024.09.21"]
[Round "10.62"]
[Board "2"]
[White "Yeung, Jason"]
[Black "Giron Chavez, David Emanuel"]
[Result "1/2-1/2"]
[WhiteElo "1993"]
[BlackElo "2065"]
[PlyCount "92"]
[EventDate "2024.09.11"]
[WhiteTeam "Suriname"]
[BlackTeam "Guatemala"]
[WhiteTeamCountry "SUR"]
[BlackTeamCountry "GUA"]

1. d4 Nf6 2. c4 e6 3. Nc3 Bb4 4. Qc2 d5 5. cxd5 Qxd5 6. Nf3 Qf5 7. Qxf5 exf5 8. Bd2 c6 9. e3 Nbd7 ({RR} 9... O-O 10. Bd3 Re8 11. O-O Bd6 12. Rfd1 g6 13. Be1 Nd5 14. a3 Nd7 15. Nxd5 cxd5 16. Bb4 Bb8 17. Rdc1 a5 18. Be7 Bxh2+ 19. Kxh2 Rxe7 20. Rc7 Kf8 21. Rac1 Nb6 22. Ng5 h6 23. Nh7+ Ke8 24. Nf6+ {½-½ Jones,G (2653)-Harikrishna,P (2685) Olympiad-40 Istanbul 2012 (5.2)}) ({RR} 9... Be6 10. Bd3 Nbd7 11. Ng5 Nb6 12. Nxe6 fxe6 13. Ke2 O-O-O 14. Rhc1 Kb8 15. g3 Rhe8 16. a3 Bd6 17. a4 Nbd5 18. Nxd5 cxd5 19. a5 a6 20. b4 Ne4 21. Be1 e5 22. Kf1 exd4 23. exd4 f4 24. b5 {1-0 Holt,C (2540)-Laddha,S (2324) Titled Tue 30th Jan Early 2024 (2)}) 10. Bd3 Nb6 11. O-O Bd6 $146 ({RR} 11... O-O 12. a3 Bd6 13. b4 Nbd5 14. Rfc1 Be6 15. Nxd5 Nxd5 16. Ne5 Nb6 17. f4 Bxe5 18. fxe5 f6 19. exf6 Rxf6 20. a4 Bd5 21. b5 Be4 22. Bxe4 fxe4 23. a5 Nd5 24. bxc6 Rxc6 25. Rxc6 bxc6 26. Rb1 {0-1 Kuempers,U (2073)-Pfretzschner,R (2235) Bad Woerishofen op 28th 2012 (2)}) ({RR} 11... O-O 12. a3 Bd6 13. b4 a6 14. Rfc1 Be6 15. Be1 Nfd5 16. g3 f6 17. Nd2 Kf7 18. Nxd5 Nxd5 19. Nc4 Be7 20. Rab1 Rfc8 21. Na5 Rc7 22. Nb3 b6 23. Rc2 Ke8 24. Be2 Kd7 25. Bf3 Rb8 26. Nc1 {½-½ Collas,D (2400)-Macieja,B (2420) Legnica Voivoda Cup 1994}) ({RR} 11... a5 12. a3 Bd6 13. b4 axb4 14. axb4 Bxb4 15. Rxa8 Nxa8 16. Ra1 Nb6 17. Na4 Nbd5 18. Nb6 Nxb6 19. Bxb4 Nfd5 20. Bc5 f6 21. Nh4 g6 22. f3 Nd7 23. Bd6 Kf7 24. e4 N5b6 25. g4 fxe4 26. fxe4 {½-½ L'Ami,A (2303)-Gordon,S (2508) EU Union-ch 4th 2008 (2)}) 12. Nh4 g6 13. f3 Nfd5 14. g3 Be6 15. a3 Nxc3 16. Bxc3 O-O 17. e4 f4 18. g4 Na4 19. Ng2 Nxc3 20. bxc3 g5 21. Rfb1 b6 22. h4 h6 23. a4 Bc7 24. c4 Rfd8 25. d5 Be5 26. Ra2 Rac8 27. Kf1 cxd5 28. cxd5 Rc3 29. Ne1 Bd7 30. h5 Rdc8 31. a5 Rc1 32. Rxc1 Rxc1 33. axb6 axb6 34. Rc2 Ra1 35. Ke2 b5 36. Rc5 Bd6 37. Rc2 b4 38. Rb2 Be5 39. Rb1 Ra2+ 40. Kf1 Bc3 41. Nc2 Ra4 42. e5 Ra5 43. e6 fxe6 44. dxe6 Bxe6 45. Nxb4 Ra1 46. Rxa1 Bxa1 1/2-1/2

[Event "45th Olympiad 2024"]
[Site "Budapest HUN"]
[Date "2024.09.21"]
[Round "10.62"]
[Board "3"]
[White "Galvez Dastin, Eduardo"]
[Black "Kalidjo, Imaan"]
[Result "1-0"]
[WhiteElo "2100"]
[BlackElo "1934"]
[PlyCount "115"]
[EventDate "2024.09.11"]
[WhiteTeam "Guatemala"]
[BlackTeam "Suriname"]
[WhiteTeamCountry "GUA"]
[BlackTeamCountry "SUR"]

1. d4 Nf6 2. c4 g6 3. Nc3 Bg7 4. e4 d6 5. Nf3 O-O 6. Be2 Bg4 7. h3 Bxf3 8. Bxf3 e5 9. d5 a5 ({RR} 9... Nfd7 10. h4 f5 11. h5 Nf6 12. hxg6 hxg6 13. Bg5 Qe8 14. Qb3 b6 15. O-O-O Nbd7 16. Qc2 Nh7 17. Bd2 f4 18. Rdg1 Ndf6 19. g3 g5 20. gxf4 gxf4 21. Qd1 Qd7 22. Bh5 Rf7 23. Bg6 Kh8 24. Rxh7+ {1-0 Prokopchuk,E (2440)-Olszynski,K (2205) Swidnica op rap rapid 1997}) ({RR} 9... Nfd7 10. O-O Bf6 11. Bh6 Re8 12. Qd2 a5 13. Bg4 Na6 14. f4 exf4 15. Qxf4 Nac5 16. Rf3 Qe7 17. Raf1 Bd4+ 18. Kh1 Ne5 19. Bg5 Qf8 20. Bh6 Qe7 21. Bg5 Qf8 22. Rg3 Nxc4 23. Be2 Be5 24. Qg4 {1-0 Vlachos,A (2482)-Herman,D (1968) Titled Tue 2nd Apr Late 2024 (8)}) 10. h4 $146 ({RR} 10. O-O Nbd7 11. Be3 Kh8 12. a3 b6 13. Qc2 Ng8 14. Be2 Bh6 15. Bxh6 Nxh6 16. Qd2 Kg7 {½-½ Kozlowski,P (2000)-Remplbauer,H (1774) EU-chT Seniors 02nd 2000 (1.3)}) ({RR} 10. O-O Nbd7 11. Be3 Ne8 12. Qd2 f5 13. exf5 Rxf5 14. Bg4 Rf8 15. Be6+ Kh8 16. Ne4 b6 17. Ng5 Qe7 18. Bxd7 Qxd7 19. Ne6 Rf7 {½-½ Shea,J-Braud,R NATO-ch 14th 2003 (6)}) ({RR} 10. a3 Nfd7 11. g4 Bf6 12. Rb1 Bg5 13. b4 Bxc1 14. Qxc1 axb4 15. axb4 Na6 16. Qe3 Qe7 17. O-O Rfc8 18. Bg2 g5 19. Ne2 Nf8 20. Ng3 f6 21. c5 Ng6 22. Nf5 Qf8 23. cxd6 cxd6 24. Qb6 Rc7 {1-0 Dittmar,T (1958)-Zimmer,F (1747) Nuremberg Zabo op 11th 2009 (2)}) 10... h5 11. g4 hxg4 12. Bxg4 Nxg4 13. Qxg4 Nd7 14. Qg2 Nf6 15. Bg5 Qd7 16. Bxf6 Bxf6 17. h5 Kg7 18. O-O-O g5 19. Rdg1 Be7 20. f4 f6 21. Kb1 Kh7 22. fxg5 fxg5 23. Ne2 b5 24. Ng3 bxc4 25. Rc1 Qb5 26. Qe2 Rab8 27. Rxc4 Rb7 28. Rhc1 Qb6 29. Nf5 Bd8 30. Rc6 Qb4 31. R1c4 Qb5 32. Qc2 Rf7 33. a4 Qb3 34. Qxb3 Rxb3 35. Rc3 Rb4 36. R6c4 Rb7 37. Ka2 Kg8 38. Nh6+ Kg7 39. Nxf7 Kxf7 40. Rf3+ Kg7 41. Rc1 Kh6 42. Rf8 Be7 43. Rf7 Bd8 44. Rh1 g4 45. Rf8 Bg5 46. Rg8 Bf4 47. Rxg4 Rb4 48. Rg6+ Kh7 49. Re6 Rxa4+ 50. Kb1 Rxe4 51. h6 Rb4 52. Re7+ Kh8 53. h7 Rb8 54. Rg1 e4 55. Rxe4 Be5 56. Rg2 Rb5 57. Rh4 Bg7 58. Rxg7 1-0

[Event "45th Olympiad 2024"]
[Site "Budapest HUN"]
[Date "2024.09.21"]
[Round "10.62"]
[Board "4"]
[White "Kalka, Shiva"]
[Black "Garcia Fuentes, Sergio Miguel"]
[Result "0-1"]
[WhiteElo "1849"]
[BlackElo "2114"]
[PlyCount "42"]
[EventDate "2024.09.11"]
[WhiteTeam "Suriname"]
[BlackTeam "Guatemala"]
[WhiteTeamCountry "SUR"]
[BlackTeamCountry "GUA"]

1. e4 e5 2. Nf3 Nc6 3. d4 exd4 4. Bc4 Bc5 5. c3 Nf6 6. e5 d5 7. Bb5 Ne4 8. cxd4 Bb6 9. O-O O-O 10. Be3 Bg4 11. Bxc6 bxc6 12. h3 Bh5 13. g4 Bg6 14. Qc1 $146 ({RR} 14. Nbd2 Qd7 15. Nxe4 Bxe4 16. Ng5 Bg6 17. Rc1 f6 18. Nf3 Be4 19. Rc3 Bxf3 20. Qxf3 fxe5 21. Qd1 e4 22. Qa4 Rf3 23. Kg2 Rd8 24. Qxc6 Qc8 25. Bg5 Rxc3 26. bxc3 Rd6 27. Qa4 Rg6 28. Bf4 h5 {½-½ Von Lossow,M (1685)-Haubold,C (1572) Prague Summer op-B 7th 2020 (3)}) 14... Rb8 15. Nbd2 Nxd2 16. Qxd2 h6 17. Ne1 f5 18. Ng2 fxg4 19. hxg4 Rf3 20. Ne1 Be4 21. Qe2 Qd7 0-1

[Event "45th Olympiad 2024"]
[Site "Budapest HUN"]
[Date "2024.09.21"]
[Round "10.63"]
[Board "1"]
[White "Al Maashani, Amer"]
[Black "Pace, Colin"]
[Result "0-1"]
[WhiteElo "1979"]
[BlackElo "2186"]
[PlyCount "92"]
[EventDate "2024.09.11"]
[WhiteTeam "Oman"]
[BlackTeam "Malta"]
[WhiteTeamCountry "OMN"]
[BlackTeamCountry "MLT"]

1. e4 c5 2. Nc3 Nc6 3. f4 g6 4. Nf3 Bg7 5. a3 e6 6. b4 b6 ({RR} 6... cxb4 7. axb4 Nxb4 8. Ba3 Nc6 9. e5 Nge7 10. Ne4 O-O 11. Bd3 f5 12. Nd6 b6 13. h4 Nd5 14. g3 Ndb4 15. Be2 Ba6 16. Bxa6 Nxa6 17. h5 gxh5 18. Rxh5 Nc5 19. d3 h6 20. Qe2 Qe7 21. d4 {1-0 Urquhart,E (2209)-Kantans,T (2475) Titled Tue 9th Jan Early 2024 (3)}) 7. bxc5 ({RR} 7. e5 Nge7 8. Ne4 O-O 9. c3 d5 10. Nf6+ Bxf6 11. exf6 Nf5 12. b5 Na5 13. g4 Nd6 14. g5 d4 15. cxd4 c4 16. a4 Bb7 17. Bb2 Nf5 18. Bg2 Qc7 19. O-O Qxf4 20. Ne5 Qxg5 21. Qg4 Qxg4 {0-1 Glek,I (2540)-Stellwagen,D (2631) Bundesliga 0708 2007 (1.1)}) 7... bxc5 8. e5 Nh6 $146 ({RR} 8... d6 9. Bb5 Nge7 10. Bb2 O-O 11. Ne4 dxe5 12. Bxc6 Nxc6 13. fxe5 Rb8 14. Bc3 Qd5 15. Nf6+ Bxf6 16. exf6 e5 17. d3 Nd4 18. O-O Bg4 19. Qd2 Bxf3 20. Bxd4 Qxd4+ 21. Kh1 Bxg2+ 22. Kxg2 Rb6 23. Rae1 {0-1 Martinovsky,E (2335)-Colias,B (2265) Chicago op 1992 (5)}) ({RR} 8... d6 9. Bb5 Nge7 10. Ne4 dxe5 11. fxe5 O-O 12. Nf6+ Kh8 13. Bb2 Rb8 14. Bxc6 Rxb2 15. Be4 Ng8 16. Nxg8 Kxg8 17. O-O Bxe5 18. Nxe5 Qd4+ 19. Kh1 Qxe5 20. Bf3 Rd8 21. d3 c4 22. Re1 Qc3 23. Rc1 {0-1 Urquhart,E (2209)-Hansen,E (2606) Titled Tuesday intern op 14th Sept blitz 2021 (1)}) ({RR} 8... d6 9. Bb5 Nge7 10. Ne4 dxe5 11. fxe5 O-O 12. Bxc6 Nxc6 13. Bb2 Rb8 14. Bc3 Qd5 15. Nf6+ Bxf6 16. exf6 e5 17. d3 Nd4 18. O-O h6 19. Qd2 Kh7 20. Rae1 Re8 21. Ng5+ Kg8 22. Ne4 Kh7 23. Ng5+ {1-0 Howell,D (2650)-Hjartarson,J (2468) Titled Tuesday intern op 23rd Aug Late blitz 2022 (2)}) 9. Ne4 O-O 10. Rb1 Nf5 11. g4 Nh4 12. g5 Nf5 13. Bd3 d6 14. Nf6+ Bxf6 15. gxf6 dxe5 16. fxe5 Qd5 17. Qe2 Nfd4 18. Be4 Nxe2 19. Bxd5 exd5 20. Kxe2 Bg4 21. Kf2 Bxf3 22. Kxf3 Nxe5+ 23. Kg3 Rab8 24. Rxb8 Rxb8 25. d4 Nd7 26. Bf4 Rc8 27. Be5 cxd4 28. Bxd4 Rxc2 29. Re1 Rc8 30. Re7 Nb8 31. Bxa7 Nc6 32. Rd7 Nxa7 33. Rxa7 h6 34. Kf4 Rc6 35. Ke5 Re6+ 36. Kxd5 Rxf6 37. a4 Rf2 38. a5 Rxh2 39. Ra8+ Kg7 40. a6 Ra2 41. Kc6 h5 42. Kb7 h4 43. Rd8 g5 44. a7 h3 45. Rd3 Rxa7+ 46. Kxa7 g4 0-1

[Event "45th Olympiad 2024"]
[Site "Budapest HUN"]
[Date "2024.09.21"]
[Round "10.63"]
[Board "2"]
[White "Darmanin, Jake"]
[Black "Salim Mohammed, Salim Al Amri"]
[Result "0-1"]
[WhiteElo "2119"]
[BlackElo "1926"]
[PlyCount "80"]
[EventDate "2024.09.11"]
[WhiteTeam "Malta"]
[BlackTeam "Oman"]
[WhiteTeamCountry "MLT"]
[BlackTeamCountry "OMN"]

1. e4 c6 2. d4 d5 3. f3 e6 4. Nc3 Bb4 5. Bd2 Ne7 6. h4 b6 ({RR} 6... Nd7 7. Nce2 Ba5 8. e5 Nf5 9. Bxa5 Qxa5+ 10. Qd2 Qxd2+ 11. Kxd2 c5 12. c3 h5 13. g3 b5 14. Bh3 Ne7 15. f4 a5 16. Nf3 b4 17. Rhc1 Ba6 18. cxb4 axb4 19. dxc5 Bxe2 20. Kxe2 Nc6 21. Ke3 {0-1 Alekseenko,K (2650)-Fedoseev,V (2690) Titled Tue 23rd Jan Early 2024 (7)}) 7. h5 h6 8. Nge2 Ba6 9. e5 $146 ({RR} 9. a3 Bxc3 10. Bxc3 Nd7 11. Qd2 Qc7 12. O-O-O O-O-O 13. e5 c5 14. g4 Kb8 15. f4 Rc8 16. Rh3 Nc6 17. Kb1 Bxe2 18. Qxe2 cxd4 19. Bxd4 Nxd4 20. Rxd4 Nc5 21. Bg2 Rhe8 22. c4 Red8 23. Rc3 dxc4 {1-0 Maghsoodloo,P (2701)-Melkumyan,H (2634) Chess.com Rapid Wk21 Swiss 2022 (3)}) 9... Nf5 10. Kf2 Be7 11. g4 Nh4 12. Nf4 Bxf1 13. Qxf1 Nd7 14. Nce2 c5 15. c3 O-O 16. Rh3 cxd4 17. cxd4 Rc8 18. Rc1 Rxc1 19. Qxc1 Qb8 20. Qe1 Rc8 21. Bb4 Bg5 22. Bd2 Rc2 23. Bc1 Qc7 24. Kf1 Qc4 25. b3 Qa6 26. a4 Ng2 27. Qd1 Rxc1 28. Qxc1 Nxf4 29. Qc2 Nxh3 30. b4 Qc4 31. Qxc4 dxc4 32. Nc3 Bd2 33. Nb5 Nf4 34. Na3 c3 35. Nc2 f6 36. exf6 Nxf6 37. Kf2 N6d5 38. b5 Nd3+ 39. Ke2 N5f4+ 40. Kf1 Nb2 0-1

[Event "45th Olympiad 2024"]
[Site "Budapest HUN"]
[Date "2024.09.21"]
[Round "10.63"]
[Board "3"]
[White "Al Busaidi, Hamood"]
[Black "Mizzi, Jack"]
[Result "0-1"]
[WhiteElo "1881"]
[BlackElo "2053"]
[PlyCount "94"]
[EventDate "2024.09.11"]
[WhiteTeam "Oman"]
[BlackTeam "Malta"]
[WhiteTeamCountry "OMN"]
[BlackTeamCountry "MLT"]

1. Nf3 d5 2. c4 c6 3. e3 Nf6 4. Nc3 e6 5. b3 Bd6 6. Bb2 Nbd7 7. d4 Qe7 8. Be2 O-O 9. O-O a5 10. Qc2 dxc4 11. bxc4 e5 12. d5 $146 ({RR} 12. h3 Rd8 13. Bd3 exd4 14. exd4 Nf8 15. Na4 Qc7 16. d5 Bf4 17. Bd4 N8d7 18. g3 Be5 19. Qb2 Bxd4 20. Qxd4 Nf8 21. Nb6 Rb8 22. Rfd1 c5 23. Qe5 Qxe5 24. Nxe5 Bxh3 25. Rab1 N8d7 26. Nbxd7 Bxd7 {1-0 Fier,A (2562)-Cabanas Lopez,E (2157) Maia Chess Open 2024 (4.6)}) 12... Nc5 13. e4 cxd5 14. cxd5 Bd7 15. Bc4 Rac8 16. Qe2 Nh5 17. Bc1 h6 18. h3 f5 19. Nh2 Nf6 20. Bd3 Nxd3 21. Qxd3 Bb4 22. Bb2 Bxc3 23. Bxc3 Nxe4 24. d6 Qxd6 25. Qxd6 Nxd6 26. Bxa5 Nc4 27. Bb4 Rfe8 28. Rfd1 Ba4 29. Rd5 Red8 30. Rxd8+ Rxd8 31. Rc1 b5 32. Kf1 Kf7 33. Ke1 Rd7 34. Nf3 e4 35. Nh4 Nb2 36. Rb1 Nd3+ 37. Ke2 Bc2 38. Ra1 Nxb4 39. Nxf5 Bd3+ 40. Kd2 Ra7 41. f3 exf3 42. Nd6+ Ke6 43. Nc8 Rxa2+ 44. Rxa2 Nxa2 45. gxf3 Bf5 46. h4 Kd7 47. Nb6+ Kc6 0-1